Hunger Games District Match Quiz Stats

 Plays Quiz Updated Apr 28, 2013

Challenge
Share
Tweet
Score 0/14 Timer 05:00
0 Plays Today
% Correct
District 12
90.4%
The Capitol
85.1%
District 11
71.6%
District 01
66.4%
District 04
62.2%
District 02
56.5%
District 03
54.6%
% Correct
District 13
52.9%
District 07
51%
District 05
31.5%
District 06
24%
District 08
23.7%
District 10
22%
District 09
16.6%

You're not logged in!

Compare scores with friends on all Sporcle quizzes.
OR
Log In

You Might Also Like...

Show Comments

Extras

Top Quizzes Today


Score Distribution

Your Account Isn't Verified!

In order to create a playlist on Sporcle, you need to verify the email address you used during registration. Go to your Sporcle Settings to finish the process.

Report this User

Report this user for behavior that violates our Community Guidelines.

Details: